Pro Wrestlers by Picture #1 - Statistics

General Stats
  • This quiz has been taken 980 times
    756 since last reset
  • The average score is 16 of 20
Answer Stats
Picture Answer % Correct
The Rock
100%
John Cena
98%
Hulk Hogan
97%
The Undertaker
96%
Andre the Giant
95%
Stone Cold Steve Austin
91%
Brock Lesnar
85%
Ric Flair
82%
Roman Reigns
81%
Kane
80%
Shawn Michaels
80%
Randy Orton
76%
Macho Man Randy Savage
74%
Sting
74%
CM Punk
73%
The Ultimate Warrior
72%
Drew McIntyre
61%
Becky Lynch
59%
Mercedes Mone
55%
Kenny Omega
39%
No matching quizzes found
Score Distribution
Percent of People with Each Score
Percentile by Number Answered
Your Score History
You have not taken this quiz since the last reset